VEEE KAPI AÇILIYOR/N1 (Record no. 931358)

MARC details
000 -LEADER
sabit uzunluktaki kontrol alanı 00246nam a2200097Ia 4500
001 - KONTROL NUMARASI
kontrol alanı 931358
005 - EN SON İŞLEMİN TARİH VE ZAMANI
kontrol alanı 20250826214907.0
008 - SABİT-UZUNLUKTA VERİ ÖĞELERİ--GENEL BİLGİ
sabit uzunluktaki kontrol alanı 250824s9999 xx 000 0 und d
245 #0 - ESER / YAZAR
ESER ADI VEEE KAPI AÇILIYOR/N1
Yazar Adı YÜCEL ÖZTÜRK
260 ## - YAYIN, DAĞITIM, VB.
YAYIN EVİ CEZVE YAYINLARI
Holdings
Düşüm durumu Kayıp durumu Hasar Durumu Ödünç verilmez Ana kütüphane Geçerli Kütüphane Edinilen tarih Toplam ödünç verme sayısı Barkod Son görüntüleme tarihi Fiyatın geçerli olmaya başladığı tarih Koha materyal türü
        ERTUĞRUL GAZİ ORTAOKULU ERTUĞRUL GAZİ ORTAOKULU 24.08.2025   10553191 26.08.2025 26.08.2025 Books